Kto Wypowiedział te słowa (Piłka Nożna) - Statystyki

Ogólne statystyki
  • Ten quiz został rozwiązany 621 razy
  • Średni wynik to 3 z 10
Statystyki odpowiedzi
Wypowiedź Imię i Nazwisko % Poprawnych
"Piłka jest Okrągłą a Bramki są dwie" Kazimierz Górski
76%
"2:0 to niebezpieczny wynik" Czesław Michniewicz
47%
"Tylko ja Messi i Lewandowski,możemy strzelić 4 bramki w jednym meczu ligi mistrzów.Cristiano Ronaldo żeby to zrobić musiałby dostać 4 rzuty karne." Zlatan Ibrahimović
36%
"Czasami śmieje się sam do siebie,na myśl o tym jak jestem perfekcyjny" Zlatan Ibrahimović
31%
"Piłka Nożna to prosty sport 22 facetów biega za piłką a na koniec wygrywają Niemcy" Gary Lineker
30%
"Możesz zmienić żonę,swoje poglądy polityczne,czy wyznanie,ale nigdy,przenigdy nie możesz zmienić swojej ulubionej drużyny piłkarskiej" Eric Cantona
13%
"Nie mam pojęcia, jak oni tego dokonali.To,w jaki sposób się broniliśmy jest niesamowite....jest 10 po dziesiątej więc wszystkie dzieci prawdopodobnie już śpią.....Ci chłopcy to kur*a mentalni giganci!To niesamowite.....ukażcie mnie,jeśli chcecie!" Jurgen Klopp
13%
"W piłce nożnej chodzi o to,by zdobyć jedną bramkę więcej od przeciwnika" Kazimierz Górski
12%
"Obecnie najlepszym piłkarzem jest Cristiano Ronaldo.Uważam że jest najlepszy,bo jest najbardziej stabilny.Jest na topie ponad 10 lat.Oczywiście nie można zapominać o Messim,ale on nie jest goleadorem.Najlepszy piłkarz w historii?Był Zico,Ronaldinho czy Ronaldo,a w Europie Beckenbauer i Cruyff.Uważam że jednak,Pele był od nich wszystkich lepszy." Pele
11%
"Kocham Manchester United.Chcę,żeby wiodło im się dobrze,żeby wygrywali.Ale przez te 90-120 minut chcę żeby przegrali." Wayne Rooney
9%
Nie znaleziono quizów pasujących do podanych kryteriów
Rozkład punktacji
Procent ludzi z każdym wynikiem
Percentyl według liczby udzielonych odpowiedzi
Twoja historia wyników
Nie rozwiązałeś tego quizu